000
00180 a2200097 4500
020
_a
043947146x
041
_a
eng
100
_a
dawn Apperley
245
_a
Flip and Flop
942
_c
K
999
_c
30286
_d
30284